000 00637cam a22002173a 4500
001 35242
003 PGUSA
005 20140828083747.0
008 110211s2011||||xxu|||||s|||||000 | eng d
040 _aPGUSA
_beng
042 _adc
100 1 _aWedekind, Frank,
_d1864-1918
245 1 4 _aThe Awakening of Spring :
_bA Tragedy of Childhood
_h[electronic resource] /
_cFrank Wedekind
260 _bProject Gutenberg,
_c2011
506 _aPublic domain in the USA.
516 _aElectronic text
700 1 _aZiegler, Francis J.
830 0 _aProject Gutenberg
_v35242
856 4 0 _uhttp://www.gutenberg.org/ebooks/35242
942 _cEB
999 _c264497
_d264497